000 00650nam a22002052 4500
001 0000012947
005 20151217145858.0
008 090513s xx 000 0 eng d
020 _a0205636896 :
040 _aKABU
_cKABU
100 1 _aRebore, Ronald W.
_@0000136748
245 1 0 _aHuman resources administration in education :
_ba management approach /
_cRonald W. Rebore.
250 _a8th ed.
260 _aBoston :
_bPearson,
_c2009.
300 _axiii, 386 p.
650 0 _aSchool personnel management
_zUnited States.
_@0000169968
852 1 _9p3555 KES
908 _a090513
950 _@1
999 _c3628
_d3628